Relationship of reverse logistics and marketing communication in Czech Republic

Definícia pojmov reverzná logistika, marketing, zážitkový marketing. Dotazníkový prieskum v Českej republike v roku 2015, či majú koncoví zákazníci záujem o aktivity reverznej logistiky. Vplyv reverznej logistiky na nákupné rozhodnutia. Výsledky môžu byť aplikovateľné pre spoločnosti pôsobiace v str...

Ausführliche Beschreibung

Gespeichert in:
Bibliographische Detailangaben
1. Verfasser: Milichovský, František
Format: Buchkapitel
Sprache:Englisch
Schlagworte:
Tags: Tag hinzufügen
Keine Tags, Fügen Sie das erste Tag hinzu!

MARC

LEADER 00000naa a2200000 4500
001 0224783
005 20221019173313.6
041 0 |a eng 
044 |a CZ 
245 1 0 |a Relationship of reverse logistics and marketing communication in Czech Republic  |c František Milichovský 
520 |a Definícia pojmov reverzná logistika, marketing, zážitkový marketing. Dotazníkový prieskum v Českej republike v roku 2015, či majú koncoví zákazníci záujem o aktivity reverznej logistiky. Vplyv reverznej logistiky na nákupné rozhodnutia. Výsledky môžu byť aplikovateľné pre spoločnosti pôsobiace v strednej Európe. 
610 2 0 |a marketing 
610 2 0 |a logistika reverzná 
610 2 0 |a nástroje marketingové 
610 2 0 |a komunikácia marketingová 
610 2 0 |a spotrebitelia 
610 2 0 |a rozhodovanie nákupné 
610 2 0 |a správanie spotrebiteľa 
610 2 0 |a Česko 
610 2 0 |a výskum marketingový 
100 1 |a Milichovský, František